On This Day: September 29th Quiz Stats

Quiz Updated Sep 29, 2017

Challenge
Share
Tweet
Embed
Score 0/7 Timer 03:00
1 Play Today
Question Answer Wrong Answers
The Treaty of Lisbon is signed, defining the boundaries between Portugal and this country.
1864
Spain
94.9%
France
1.8%
Venezuela
1%
Argentina
1.7%
The United States Department of ______ first establishes a regular army with a strength of several hundred men.
1789
War
89.5%
Conflict
3.5%
Battle
1.4%
Combat
5.6%
Following the bankruptcies of ______ Brothers and Washington Mutual, The Dow Jones Industrial Average falls 777.68 points, the largest single-day point loss in its history.
2008
Lehman
79.5%
Goldman
9.8%
Morgan
3.8%
Chase
4.3%
President Jean-Bertrand Aristide is sent into exile when the ______ army takes control of power in a coup d'état.
1991
Haitian
79.5%
Cuban
5.3%
Jamaican
3.6%
Panamanian
9.2%
Japan establishes diplomatic relations with the People's Republic of China after breaking official ties with ______.
1972
Taiwan
65%
United States
6.7%
Soviet Union
19.3%
Vietnam
7.3%
The Munich Agreement between Germany, the United Kingdom, France and Italy settles the dispute over this region of Czechoslovakia in Germany’s favor.
1938
Sudetenland
48.5%
Rhineland
39%
Burgenland
5%
Silesia
6.1%
This American basketball player, a perennial all-star who played one season of college basketball for the University of Texas, is born.
1988
Kevin Durant
42.3%
LeBron James
36.3%
Russell Westbrook
5.8%
Stephen Curry
13.4%

Today's Daily Dose

Missing Word
For Dummies Books

Word Ladder
Ariana Grande

Quick Pick
1970s Authors

On This Day
June 21st II

You're not logged in!

Compare scores with friends on all Sporcle quizzes.
Join for Free
OR
Log In

You Might Also Like...

Show Comments

Extras

Top Quizzes Today


Score Distribution

Your Account Isn't Verified!

In order to create a playlist on Sporcle, you need to verify the email address you used during registration. Go to your Sporcle Settings to finish the process.

Report this User

Report this user for behavior that violates our Community Guidelines.

Details: